<?xml version="1.0" encoding="UTF-8"?>
<record
    xmlns:xsi="http://www.w3.org/2001/XMLSchema-instance"
    xsi:schemaLocation="http://www.loc.gov/MARC21/slim http://www.loc.gov/standards/marcxml/schema/MARC21slim.xsd"
    xmlns="http://www.loc.gov/MARC21/slim">

  <leader>00758nam a2200217Ia 4500</leader>
  <controlfield tag="001">4927</controlfield>
  <controlfield tag="003">GE_BSU</controlfield>
  <controlfield tag="008">181216s||||||||xx |||||||||||||| ||und||</controlfield>
  <datafield tag="040" ind1=" " ind2=" ">
    <subfield code="c">GE_BSU</subfield>
  </datafield>
  <datafield tag="080" ind1=" " ind2=" ">
    <subfield code="a">629.73.064</subfield>
  </datafield>
  <datafield tag="100" ind1=" " ind2=" ">
    <subfield code="a">&#x414;&#x43E;&#x43C;&#x43E;&#x442;&#x435;&#x43D;&#x43A;&#x43E;,&#x41D;.&#x422;. &#x41A;&#x440;&#x430;&#x432;&#x435;&#x446;,&#x410;.&#x421;. &#x41F;&#x443;&#x433;&#x430;&#x447;&#x435;&#x432;,&#x410;.&#x418;. &#x421;&#x438;&#x432;&#x430;&#x448;&#x435;&#x43D;&#x43A;&#x43E;,&#x422;.&#x418;.</subfield>
  </datafield>
  <datafield tag="245" ind1=" " ind2=" ">
    <subfield code="a">&#x410;&#x432;&#x438;&#x430;&#x446;&#x438;&#x43E;&#x43D;&#x43D;&#x44B;&#x435; &#x441;&#x438;&#x43B;&#x43E;&#x432;&#x44B;&#x435; &#x443;&#x441;&#x442;&#x430;&#x43D;&#x43E;&#x432;&#x43A;&#x438;: &#x421;&#x438;&#x441;&#x442;&#x435;&#x43C;&#x44B; &#x438; &#x443;&#x441;&#x442;&#x440;&#x43E;&#x438;&#x441;&#x442;&#x432;&#x430;.</subfield>
  </datafield>
  <datafield tag="245" ind1=" " ind2=" ">
    <subfield code="b">&#x423;&#x447;&#x435;&#x431;&#x43D;. &#x43F;&#x43E;&#x441;&#x43E;&#x431;.</subfield>
  </datafield>
  <datafield tag="245" ind1=" " ind2=" ">
    <subfield code="c">&#x420;&#x435;&#x434;. &#x410;.&#x41C;.&#x41C;&#x435;&#x449;&#x435;&#x440;&#x44F;&#x43A;&#x43E;&#x432;.</subfield>
  </datafield>
  <datafield tag="260" ind1=" " ind2=" ">
    <subfield code="a">&#x41C;.</subfield>
  </datafield>
  <datafield tag="260" ind1=" " ind2=" ">
    <subfield code="b">&#x422;&#x440;&#x430;&#x43D;&#x441;&#x43F;&#x43E;&#x440;&#x442;.</subfield>
  </datafield>
  <datafield tag="260" ind1=" " ind2=" ">
    <subfield code="c">1970.</subfield>
  </datafield>
  <datafield tag="300" ind1=" " ind2=" ">
    <subfield code="a">352&#x441;&#x442;&#x440;.22&#x441;&#x43C;. &#x441; &#x438;&#x43B;&#x43B;. &#x431;&#x438;&#x431;&#x43B;&#x438;&#x43E;&#x433;&#x440;.:&#x441;&#x442;&#x440;.343-345.</subfield>
  </datafield>
  <datafield tag="653" ind1=" " ind2=" ">
    <subfield code="a">&#x410;&#x432;&#x438;&#x430;&#x446;&#x438;&#x43E;&#x43D;&#x43D;&#x44B;&#x435; &#x441;&#x438;&#x43B;&#x43E;&#x432;&#x44B;&#x435; &#x443;&#x441;&#x442;&#x430;&#x43D;&#x43E;&#x432;&#x43A;&#x438;.</subfield>
  </datafield>
  <datafield tag="942" ind1=" " ind2=" ">
    <subfield code="c">BK</subfield>
  </datafield>
  <datafield tag="999" ind1=" " ind2=" ">
    <subfield code="c">38682</subfield>
    <subfield code="d">38682</subfield>
  </datafield>
  <datafield tag="952" ind1=" " ind2=" ">
    <subfield code="0">0</subfield>
    <subfield code="1">0</subfield>
    <subfield code="4">0</subfield>
    <subfield code="7">0</subfield>
    <subfield code="9">40887</subfield>
    <subfield code="d">2018-12-17</subfield>
    <subfield code="p">11035</subfield>
    <subfield code="r">2018-12-17</subfield>
    <subfield code="w">2018-12-17</subfield>
    <subfield code="y">BK</subfield>
  </datafield>
  <datafield tag="952" ind1=" " ind2=" ">
    <subfield code="0">0</subfield>
    <subfield code="1">0</subfield>
    <subfield code="4">0</subfield>
    <subfield code="7">0</subfield>
    <subfield code="9">40888</subfield>
    <subfield code="d">2018-12-17</subfield>
    <subfield code="p">11036</subfield>
    <subfield code="r">2018-12-17</subfield>
    <subfield code="w">2018-12-17</subfield>
    <subfield code="y">BK</subfield>
  </datafield>
</record>
